EVERYONE HAS A STORY (Record no. 33932)

MARC details
000 -LEADER
fixed length control field 00253nam a22001217a 4500
003 - CONTROL NUMBER IDENTIFIER
control field SGT
082 ## - DEWEY DECIMAL CLASSIFICATION NUMBER
Classification number 823
Item number SHA
100 ## - MAIN ENTRY--PERSONAL NAME
Personal name SHARMA SAVI
245 ## - TITLE STATEMENT
Title EVERYONE HAS A STORY
260 ## - PUBLICATION, DISTRIBUTION, ETC. (IMPRINT)
Place of publication, distribution, etc DELHI
Name of publisher, distributor, etc WESTLAND PUB
Year of Publication 2017
300 ## - PAGE DESCRIPTION
No. of Pages 175
942 ## - ADDED ENTRY ELEMENTS (KOHA)
Source of classification or shelving scheme Dewey Decimal Classification
Koha item type Books
Holdings
Withdrawn status Lost status Source of classification or shelving scheme Damaged status Not for loan Collection code Home library Current library Shelving location Date acquired SGTU Total Checkouts Full call number Accession No. (Barcode) Checked out Date last seen Date last borrowed Bill Date Koha item type
    Dewey Decimal Classification     MASS COMMUNICATION SGT Science & Social Sciences Library SGT Science & Social Sciences Library Text Book 05/02/2026 SGTU 4 823 SHA MC1594 27/05/2026 13/05/2026 13/05/2026 05/02/2026 Books